Airlines with the A380 - Statistics

General Stats
  • This quiz has been taken 11,768 times
    7,805 since last reset
  • The average score is 9 of 13
Answer Stats
Answer % Correct
Emirates
97%
British Airways
92%
Lufthansa
86%
Qantas
84%
Qatar Airways
83%
Singapore Airlines
78%
Etihad
74%
Korean Air
67%
ANA
64%
Thai Airways International
58%
China Southern Airlines
53%
Asiana
48%
Malaysia Airlines
48%
No matching quizzes found
Score Distribution
Percent of People with Each Score
Percentile by Number Answered
Your Score History
You have not taken this quiz since the last reset